La demanda marítima de Bolivia en la Corte Internacional de Justicia

Guardat en:
Dades bibliogràfiques
Autor principal: Leiva Lavalle, Patricio (Autor)
Format: Llibre
Idioma:espanyol
Publicat: Santiago Universidad Miguel de Cervantes 2016
Edició:1a. ed
Col·lecció:Serie 8
Matèries:
Etiquetes: Afegir etiqueta
Sense etiquetes, Sigues el primer a etiquetar aquest registre!

MARC

LEADER 00000cam a2200000 a 4500
001 UCD6855
003 CL-VaPUC
008 170226e20160000cl |||||||||||||||||spa|d
020 |a 9789567803149 
082 0 4 |a 341.42  |b LEI  |2 21 
100 |a Leiva Lavalle, Patricio  |e author  |9 590703 
245 1 3 |a La demanda marítima de Bolivia en la Corte Internacional de Justicia 
250 |a 1a. ed 
300 |a 95 p 
942 |c BK 
945 |d 20170226 00:48:00  |a arojas 
260 |a Santiago  |b Universidad Miguel de Cervantes  |c 2016 
500 |a Contiene el fallo de la Corte Internacional de Justicia sobre las excepciones preliminares solicitadas por Chile 
650 0 |a Derecho internacional  |9 255637 
650 0 |a Tratados internacionales   |9 256056 
650 0 |a Relaciones Internacionales  |9 255740 
651 0 |a Bolivia  |9 255454 
651 7 |a CHILE  |2 CL-VaPUC  |9 590704 
583 |a last modification  |c 20170226 00:48:00  |k Rodrigo Vera 
490 0 |a Serie 8 
999 |c 367032  |d 367030 
952 |0 0  |1 0  |3 erb  |4 0  |6 341_420000000000000_LEI_2016  |7 0  |8 A  |9 481713  |a BIBDER  |b BIBDER  |i 5361370  |o 341.42 LEI 2016  |p 5361370  |r 2023-01-25  |w 2019-11-24  |y BK  |z Catalogado en:20170226  |k DER